| 000 | 01911nam a22003497a 4500 | ||
|---|---|---|---|
| 005 | 20210727152950.0 | ||
| 008 | 140531b2013 ck a|||g|||| 00| 01 spad | ||
| 020 | _a9789588841106 | ||
| 100 | 1 |
_aCarrasco, Marta _d1940-2007 |
|
| 245 | 1 | 3 |
_aLa otra orilla _cMarta Carrasco ; edición a cargo de Verónica Uribe ; diseño Martín Uribe Ruiz-Tagle |
| 250 | _aEdición especial para el Ministerio de Cultura | ||
| 300 |
_a[26] páginas sin enumerar _bilustraciones a color _c19 cm |
||
| 490 | _aPonte Poronte | ||
| 490 | _aLeer es mi cuento | ||
| 500 | _aLas ilustraciones de este libro fueron hechas en témpera sobre cartón piedra y realizadas con la esperanza de que los distintos de este mundo puedan conocerse y comprenderse | ||
| 520 | _aLos pobladores de ambas orillas del río no se hablan. Los de acá dicen que los de allá son raros, que son desordenados. Un día, una niña decide cruzar el río y descubre que, entre ellos, son más las semejanzas que las diferencias. Una conmovedora historia sobre la tolerancia y la amistad acompañada de entrañables ilustraciones. | ||
| 521 | _aRecomendado para niños a partir de 4 a 6 años | ||
| 650 | 1 | 4 |
_2LEMB _aCuentos infantiles chilenos _ySiglo XX |
| 650 | 1 | 4 |
_2LEMB _aLiteratura infantil chilena _ySiglo XX |
| 650 | 1 | 4 |
_2LEMB _aLibros ilustrados para niños |
| 650 | 1 | 4 |
_2LEMB _aValores sociales en la literatura |
| 700 | 1 |
_aUribe, Verónica _eeditor |
|
| 700 | 1 |
_aUribe Ruiz-Tagle, Martín _ediseñador |
|
| 830 |
_aColección para la Primera Infancia del Ministerio de Cultura, Plan Nacional de Lectura y Escritura Leer es mi cuento, Primera Infancia 2013 _987803 |
||
| 942 |
_2loc _cBKINF |
||
| 264 |
_aBogotá _aCaracas _bBabel Libros _bEkaré _c2013 |
||
| 336 |
_atexto _btxt _2rdacontent |
||
| 337 |
_asin mediación _bn _2rdamedia |
||
| 338 |
_avolumen _bnc _2rdacarrier |
||
| 040 |
_aCO-BoRNBP _bspa _erda _cCO-BoRNBP |
||
| 084 | _aA CAR25 | ||
| 999 |
_c53 _d53 |
||